Caminos vecinales y puentes económicos : II concurso de subvenciones y anticipos : 27 marzo 1914 - 25 mayo 1914 II concurso de subvenciones y anticipos :
Descripción Física:
25 p. [2] p. de làm. pleg., taules ; 16 cm
MARC
| LEADER | 00000nam a2200000Ia 4500 | ||
|---|---|---|---|
| 001 | 15448 | ||
| 008 | 160829s9999 xx 000 0 cat d | ||
| 080 | |a FU-37-49 | ||
| 245 | |a Caminos vecinales y puentes económicos : |b II concurso de subvenciones y anticipos : |b 27 marzo 1914 - 25 mayo 1914 | ||
| 260 | |a Madrid : |b Est. Tip. Sucesores de Rivadeneyra, [1914] | ||
| 300 | |a 25 p. [2] p. de làm. pleg., taules ; |c 16 cm | ||
| 590 | |a A la coberta: Ministerio de Fomento, Dirección General de Obras Públicas. | ||
| 590 | |a Inclou legislació. | ||
| 590 | |a Prové de OP-3085 | ||
| 650 | |a Camins veïnals |x Espanya |x Projectes i construcció |x Subvencions |9 48434 | ||
| 650 | |a Ponts |x Espanya |x Projectes i construcció |x Subvencions |9 48435 | ||
| 710 | 1 | |a Espanya. |b Dirección General de Obras Públicas |9 55082 | |
| 901 | |a Arxiu | ||
| 942 | |n 1 | ||
| 952 | |0 0 |1 0 |4 0 |6 FU3749 |7 1 |9 54544 |a Arxiu |b Arxiu |d 2016-12-01 |l 0 |o FU-37-49 |p 15448 |r 2016-12-01 00:00:00 |w 2016-12-01 |y ARXIU | ||
| 999 | |c 58413 |d 58413 | ||